| 000 | 004670000a22001690004500 | ||
|---|---|---|---|
| 003 | MACL | ||
| 005 | 20151229172213.0 | ||
| 008 | 151229b xxu||||| |||| 00| 0 eng d | ||
| 040 |
_aMACL _cMACL |
||
| 041 | _aEnglish | ||
| 082 | _a300/UNE | ||
| 100 |
_aUnesco _924401 |
||
| 245 | _aThe International Register of Current Team Research In The Social Sciences 1950-1952 | ||
| 260 |
_bUnesco _c1955 _aParis |
||
| 650 |
_aSocial Science _924402 |
||
| 942 |
_cBK _k300/UNE _2ddc |
||
| 999 |
_c38889 _d38889 |
||